000 00544nam a2200169 i 4500
001 40191
003 ES-MaACL
005 20250809062547.0
008 030305s1948 ag |||| | spa d
100 1 _aCarnelutti, Francesco.
_935364
245 1 0 _aArte del derecho
_b: (seis meditaciones sobre el derecho) /
_cFrancesco Carnelutti.
260 _aBuenos Aires :
_bEdiciones Jurídicas Europa-América,
_c[1948]
300 _a108 p. ;
_c24 cm.
650 4 _aDerecho-
_xFilosofía
_911620
852 _aES-MaACL
_jC-9060
999 _c40191
_d40191